[Event "ROU-ch Women 2019"]
[Site "Olanesti"]
[Date "2019.03.03"]
[Round "2.19"]
[White "Panainte, Andreea-Bianca"]
[Black "Ionescu, Irina"]
[Result "1/2-1/2"]
[WhiteElo "1891"]
[BlackElo "2270"]
[Annotator "NA"]
[PlyCount "109"]
[EventDate "2019.03.02"]
[EventType "swiss"]
[EventCountry "ROU"]
[SourceTitle "playchess.com"]
[Source "ChessBase"]
[SourceQuality "1"]
[TimeControl "40/5400+30:1800+30"]

1. e4 {[%emt 0:05:09]} d6 {[%emt 0:00:00]} 2. d4 {[%emt 0:00:12]} Nf6 {[%emt 0:00:00]} 3. Nc3 {[%emt 0:00:05]} g6 {[%emt 0:00:09]} 4. f4 {[%emt 0:00:08]} Bg7 {[%emt 0:00:06]} 5. Nf3 {[%emt 0:00:07]} c5 {[%emt 0:00:41]} 6. Bb5+ {[%emt 0:00:06]} Bd7 {[%emt 0:00:17]} 7. e5 {[%emt 0:00:18]} Ng4 {[%emt 0:01:14]} 8. Bxd7+ {[%emt 0:00:10]} Qxd7 {[%emt 0:02:44]} 9. h3 {[%emt 0:03:16]} cxd4 {[%emt 0:03:28]} 10. Qxd4 {[%emt 0:08:18]} Nh6 {[%emt 0:02:38]} 11. Qd3 {[%emt 0:06:11]} dxe5 {[%emt 0:08:23]} 12. fxe5 {[%emt 0:05:09]} Qxd3 {[%emt 0:06:32]} 13. cxd3 {[%emt 0:00:45]} Nc6 {[%emt 0:00:13]} 14. Bf4 {[%emt 0:03:41]} O-O-O {[%emt 0:01:25]} 15. O-O-O {[%emt 0:01:26]} Nf5 {[%emt 0:01:32]} 16. Rhe1 {[%emt 0:04:16]} Nfd4 {[%emt 0:11:38]} 17. Nxd4 {[%emt 0:15:47]} Nxd4 {[%emt 0:01:26]} 18. Kb1 {[%emt 0:04:08]} b6 {[%emt 0:10:34]} 19. Ne2 {[%emt 0:11:32]} Ne6 {[%emt 0:04:31]} 20. Bg3 {[%emt 0:03:57]} Rd7 {[%emt 0:12:57]} 21. Nf4 {[%emt 0:04:37]} Nxf4 {[%emt 0:04:13]} 22. Bxf4 {[%emt 0:00:05]} e6 {[%emt 0:01:09]} 23. Re4 {[%emt 0:00:31]} Kb7 {[%emt 0:04:37]} 24. Rc4 {[%emt 0:12:18]} Rc8 {[%emt 0:00:57]} 25. Rxc8 {[%emt 0:00:47]} Kxc8 {[%emt 0:00:04]} 26. Kc2 {[%emt 0:01:21]} Rd4 {[%emt 0:03:03]} 27. Bg3 {[%emt 0:01:20]} Kb7 {[%emt 0:01:50]} 28. Rf1 {[%emt 0:01:10]} Rd7 {[%emt 0:00:04]} 29. Kc3 {[%emt 0:00:55]} Kc6 {[%emt 0:00:29]} 30. d4 {[%emt 0:02:00]} Kd5 {[%emt 0:00:55]} 31. Kd3 {[%emt 0:00:24]} Rc7 {[%emt 0:00:23]} 32. b3 {[%emt 0:00:14]} a5 {[%emt 0:03:41]} 33. Bh4 {[%emt 0:02:37]} a4 {[%emt 0:06:17]} 34. Bd8 {[%emt 0:00:58]} Rd7 {[%emt 0:01:00]} 35. Bh4 {[%emt 0:02:42]} Bh6 {[%emt 0:03:29]} 36. Rf2 {[%emt 0:00:39]} Rc7 {[%emt 0:01:05]} 37. Bd8 {[%emt 0:00:20]} Rc1 {[%emt 0:00:41]} 38. Bxb6 {[%emt 0:00:32]} axb3 {[%emt 0:01:34]} 39. axb3 {[%emt 0:00:06]} Rd1+ {[%emt 0:00:19]} 40. Kc2 {[%emt 0:00:00]} Rc1+ {[%emt 0:00:00]} 41. Kb2 {[%emt 0:02:35]} Rc6 {[%emt 0:10:53]} 42. Bc5 {[%emt 0:01:57]} Be3 {[%emt 0:00:07]} 43. Rxf7 {[%emt 0:00:54]} Bxd4+ {[%emt 0:00:09]} 44. Bxd4 {[%emt 0:00:05]} Kxd4 {[%emt 0:00:06]} 45. Rxh7 {[%emt 0:00:22]} Kxe5 {[%emt 0:00:07]} 46. Rd7 {[%emt 0:00:19]} Ke4 {[%emt 0:01:39]} 47. Rd2 {[%emt 0:02:10]} Ke3 {[%emt 0:06:08]} 48. Rc2 {[%emt 0:00:27]} Rxc2+ {[%emt 0:01:02]} 49. Kxc2 {[%emt 0:00:03]} e5 {[%emt 0:00:16]} 50. b4 {[%emt 0:01:14]} e4 {[%emt 0:00:46]} 51. b5 {[%emt 0:04:11]} Kf2 {[%emt 0:00:06]} 52. b6 {[%emt 0:00:14]} e3 {[%emt 0:00:04]} 53. b7 {[%emt 0:00:04]} e2 {[%emt 0:00:04]} 54. b8=Q {[%emt 0:00:07]} e1=Q {[%emt 0:00:07]} 55. Qb6+ {[%emt 0:01:50] Qe2+} 1/2-1/2

[Event "ROU-ch Women 2019"]
[Site "Olanesti"]
[Date "2019.03.03"]
[Round "2.20"]
[White "Dragomirescu, Angela"]
[Black "Aciu, Malina-Andreea"]
[Result "1-0"]
[WhiteElo "2260"]
[BlackElo "1980"]
[Annotator "NA"]
[PlyCount "71"]
[EventDate "2019.03.02"]
[EventType "swiss"]
[EventCountry "ROU"]
[SourceTitle "playchess.com"]
[Source "ChessBase"]
[SourceQuality "1"]
[TimeControl "40/5400+30:1800+30"]

1. Nf3 {[%emt 0:01:48]} Nf6 {[%emt 0:00:00]} 2. b3 {[%emt 0:00:11]} g6 {[%emt 0:00:00]} 3. Bb2 {[%emt 0:00:05]} Bg7 {[%emt 0:00:00]} 4. e3 {[%emt 0:04:49]} O-O {[%emt 0:02:51]} 5. Be2 {[%emt 0:00:31]} d6 {[%emt 0:00:37]} 6. d4 {[%emt 0:00:59]} b6 {[%emt 0:03:40]} 7. O-O {[%emt 0:01:36]} Bb7 {[%emt 0:00:08]} 8. c4 {[%emt 0:03:36]} Nbd7 {[%emt 0:02:00]} 9. Qc2 {[%emt 0:01:10]} c5 {[%emt 0:06:25]} 10. d5 {[%emt 0:03:50]} e5 {[%emt 0:08:47]} 11. dxe6 {[%emt 0:07:18]} fxe6 {[%emt 0:00:49]} 12. Nc3 {[%emt 0:01:18]} Qe7 {[%emt 0:02:25]} 13. Rad1 {[%emt 0:00:20]} Rad8 {[%emt 0:04:35]} 14. h3 {[%emt 0:10:08]} a6 {[%emt 0:13:37]} 15. Rd2 {[%emt 0:18:16]} Nh5 {[%emt 0:16:46]} 16. Ne1 {[%emt 0:01:29]} Nhf6 {[%emt 0:01:03]} 17. Bf3 {[%emt 0:02:06]} Ne5 {[%emt 0:01:07]} 18. Bxb7 {[%emt 0:00:13]} Qxb7 {[%emt 0:00:02]} 19. f4 {[%emt 0:06:07]} Nc6 {[%emt 0:02:29]} 20. Nf3 {[%emt 0:01:10]} d5 {[%emt 0:11:28]} 21. Rfd1 {[%emt 0:01:16]} Ne7 {[%emt 0:01:31]} 22. Ng5 {[%emt 0:06:35]} Qc6 {[%emt 0:01:14]} 23. Nce4 {[%emt 0:08:29]} Nxe4 {[%emt 0:02:53]} 24. Bxg7 {[%emt 0:07:14]} Nxd2 {[%emt 0:02:43]} 25. Bxf8 {[%emt 0:00:03]} Rxf8 {[%emt 0:00:17]} 26. Qxd2 {[%emt 0:00:42]} b5 {[%emt 0:01:22]} 27. Qc3 {[%emt 0:04:43]} d4 {[%emt 0:04:07]} 28. exd4 {[%emt 0:00:44]} Rxf4 {[%emt 0:02:12]} 29. Qe3 {[%emt 0:03:03]} Rxd4 {[%emt 0:02:33]} 30. Rxd4 {[%emt 0:00:02]} cxd4 {[%emt 0:00:04]} 31. Qxd4 {[%emt 0:00:04]} Nf5 {[%emt 0:01:31]} 32. Qa7 {[%emt 0:00:13]} Qe8 {[%emt 0:05:21]} 33. Qxh7+ {[%emt 0:02:27]} Kf8 {[%emt 0:00:03]} 34. Qh8+ {[%emt 0:01:06]} Ke7 {[%emt 0:00:08]} 35. Qxe8+ {[%emt 0:00:23]} Kxe8 {[%emt 0:00:03]} 36. cxb5 {[%emt 0:01:11]} 1-0

[Event "ROU-ch Women 2019"]
[Site "Olanesti"]
[Date "2019.03.04"]
[Round "3.16"]
[White "Sandu, Mihaela"]
[Black "Peptan, Corina-Isabela"]
[Result "0-1"]
[WhiteElo "2294"]
[BlackElo "2374"]
[Annotator "TA"]
[PlyCount "94"]
[EventDate "2019.03.02"]
[EventType "swiss"]
[EventCountry "ROU"]
[SourceTitle "playchess.com"]
[Source "ChessBase"]
[SourceQuality "1"]

{[%evp 22,94,8,-3,14,-8,62,55,65,67,74,54,103,43,31,0,14,-12,31,11,47,51,60,29,63,41,74,37,56,43,72,66,73,65,72,0,28,9,25,26,9,0,0,0,0,0,97,0,95,-18,0,0,41,1,6,-3,-6,-6,0,-209,-234,-264,-280,-220,-261,-879,-896,-886,-885,-910,-867,-5795,-11602,-29987,-29988]} 1. e4 c5 2. Nf3 e6 3. d4 cxd4 4. Nxd4 Nc6 5. Nc3 Qc7 6. f4 a6 7. Nxc6 bxc6 8. Bd3 d5 9. O-O Nf6 10. Kh1 Be7 {B46: Sicilian: Taimanov: 5 Nc3 a6} 11. Qf3 O-O 12. Bd2 {LiveBook: 3 Games} g6 {The position is equal.} 13. Rae1 d4 (13... a5 $11) 14. Nd1 c5 15. b3 $1 Bb7 16. Qh3 {[#]} Kh8 $146 ({Predecessor:} 16... a5 17. f5 exf5 18. exf5 Kh8 19. Bg5 {1-0 (19) Timmerman,G (2725)-Gefenas,V (2575) ICCF corr 1996}) 17. Nf2 (17. Nb2 $16) 17... Rg8 18. e5 Nd7 19. Ne4 Rg7 20. c4 Bxe4 21. Bxe4 Re8 22. Bd3 Qc6 23. Re2 Bd8 24. Rfe1 a5 25. Rf1 a4 26. Be4 Qa6 27. Qf3 axb3 28. Qxb3 ({Better is} 28. axb3 $16 g5 29. Qh5) 28... f5 29. exf6 Nxf6 30. Bf3 Ra7 31. Be1 Bc7 32. Bh4 Kg7 33. Bg5 h6 (33... Bd8 $11) 34. Bh4 (34. Bxf6+ $1 $16 Kxf6 35. Be4) 34... Qd6 {[#]} ({Wrong is} 34... Bxf4 $2 35. Bxf6+ Kxf6 36. g3 $18) (34... Rf8 $11 {keeps the balance.}) 35. Bg3 (35. Bxf6+ $1 $16 Kxf6 36. Be4) 35... Qb6 36. Qd3 Bd6 37. Rfe1 (37. Bh4 $5 {[%cal Rh4f6]}) 37... Qc7 38. Rxe6 Rxe6 39. Rxe6 Bxf4 40. Rc6 $2 {[#]} (40. Bh4 $11 {and White has nothing to worry.} Bg5 41. Bg3 (41. Bxg5 hxg5 42. Qe2 g4 $15)) 40... Qe5 $1 $40 {[%mdl 128] Hoping for ...Re7. Black wants a kill.} 41. Qb1 Bxg3 42. hxg3 Qxg3 43. Rb6 $2 (43. Re6) 43... Re7 44. Rb7 Nd7 45. Be4 Kh8 46. Rxd7 Rxd7 47. Qb5 Re7 {Precision: White = 28%, Black = 30%.} 0-1

[Event "ROU-ch Women 2019"]
[Site "Olanesti"]
[Date "2019.03.04"]
[Round "3.17"]
[White "Cosma, Elena-Luminita"]
[Black "Dragomirescu, Angela"]
[Result "1/2-1/2"]
[WhiteElo "2324"]
[BlackElo "2260"]
[Annotator "TA"]
[PlyCount "39"]
[EventDate "2019.03.02"]
[EventType "swiss"]
[EventCountry "ROU"]
[SourceTitle "playchess.com"]
[Source "ChessBase"]
[SourceQuality "1"]

{[%evp 20,39,10,14,38,44,38,25,51,43,45,41,39,22,43,32,52,37,53,0,10,0]} 1. d4 d6 2. e4 Nf6 3. Nc3 g6 4. Nf3 Bg7 5. h3 O-O 6. Be3 a6 7. a4 Nc6 8. Be2 e5 {B08: Pirc Defence: Classical System} (8... e6 9. O-O b6 10. d5 exd5 11. exd5 Ne7 12. Bc4 Bb7 13. Qd2 Nf5 14. Bf4 Qd7 15. Rfe1 Rfe8 16. Rxe8+ Rxe8 17. Re1 Rxe1+ 18. Qxe1 {½-½ (63) Caruana,F (2799)-Grischuk,A (2782) Saint Louis 2017}) 9. dxe5 dxe5 10. Qxd8 Rxd8 11. Bc4 {LiveBook: 5 Games} Bd7 $146 ({Predecessor:} 11... Be6 12. Bxe6 fxe6 13. Rd1 Ne8 14. Bg5 Rd6 15. Nb1 b5 16. axb5 axb5 {0-1 (41) Popovic,D (2579)-Skoberne,J (2549) Al Ain 2012}) 12. O-O-O Be8 13. Bg5 Rxd1+ 14. Rxd1 h6 15. Be3 Rc8 16. Bb3 Kh7 17. Ba2 Nb4 18. Bc4 Nc6 19. Ba2 Nb4 20. Bc4 {Precision: White = 38%, Black = 45%.} 1/2-1/2

[Event "ROU-ch Women 2019"]
[Site "Olanesti"]
[Date "2019.03.04"]
[Round "3.18"]
[White "Ionescu, Irina"]
[Black "Cosman, Andreea-Marioara"]
[Result "1-0"]
[WhiteElo "2270"]
[BlackElo "2191"]
[Annotator "TA"]
[PlyCount "81"]
[EventDate "2019.03.02"]
[EventType "swiss"]
[EventCountry "ROU"]
[SourceTitle "playchess.com"]
[Source "ChessBase"]
[SourceQuality "1"]

{[%evp 23,81,0,0,0,15,0,8,-7,0,-26,-26,-77,0,0,0,0,0,0,0,0,0,0,9,-13,-17,-83,-12,-44,-43,-44,-16,-27,0,-8,-3,-16,-16,-253,-253,-253,-253,-560,-550,-592,-452,-500,-519,-489,29965,29967,5465,5318,29987,29988,29988,29989,29989,29990,29990,29991]} 1. e4 c5 2. Nf3 d6 3. Bb5+ Bd7 4. Bxd7+ Qxd7 5. c4 Nc6 6. Nc3 Nf6 7. d4 cxd4 8. Nxd4 e6 9. O-O Be7 10. b3 O-O 11. Bb2 Rfd8 12. Re1 a6 13. a4 {B52: Sicilian: Moscow Variation with 3...Bd7} (13. Nxc6 Qxc6 14. Rc1 Qe8 15. a4 Qc6 16. h3 Qb6 17. Rb1 Rac8 18. Re3 Nd7 19. Ne2 Bf6 20. Bxf6 Nxf6 {1-0 (70) Demchenko,A (2629)-Jakovljevic,V (2384) Sarajevo 2017}) 13... b6 14. Nc2 Rac8 15. Ne3 {The position is equal.} Qb7 16. Rc1 Nd7 $146 ({Predecessor:} 16... Ne5 17. f4 {½-½ (17) Gausel,E (2490)-Tisdall,J (2470) Norway 1995}) 17. Rc2 (17. Rb1 $11) 17... Na7 (17... Nc5 $17 18. Rd2 Bf6) 18. Rd2 b5 19. axb5 axb5 20. Nxb5 Nxb5 21. cxb5 Qxb5 22. Nc4 Nb6 23. Nxb6 Qxb6 24. h4 {[#]} (24. Rd3 $11 {keeps the balance.}) 24... Qa5 ({Better is} 24... d5 $1 $17 {Threatens to win with ...Bb4.} 25. Bd4 Qb8 26. exd5 Rxd5) 25. Qg4 {[%csl Gb2][%cal Rg4g7]} g6 26. Red1 Rc6 27. Qf4 Rdc8 28. g3 $40 {[%mdl 128] Black needs to defend precisely.} Rc2 29. Rxc2 Rxc2 30. Bf6 $2 {[#]} (30. Ra1 $11 {and White stays safe.} Qd8 31. Ba3) 30... e5 $1 $19 {[%cal Re5f4]} 31. Qf3 Rc3 32. Qe2 $2 (32. Qxc3 {was the crucial defense.} Qxc3 33. Bxe7) 32... Bxf6 33. Rxd6 Be7 34. Rd7 Bc5 35. Kg2 Rc1 $4 {[%mdl 8192]} (35... Qb6 $19 36. b4 Qxb4) 36. Qf3 f5 37. exf5 {Intending Qd5+ and mate.} Bxf2 38. fxg6 {White mates.} Rg1+ 39. Kh2 Rh1+ 40. Kxh1 Qe1+ 41. Kg2 {Accuracy: White = 31%, Black = 26%.} 1-0

[Event "ROU-ch Women 2019"]
[Site "Olanesti"]
[Date "2019.03.04"]
[Round "3.19"]
[White "Sgircea, Silvia-Raluca"]
[Black "Panainte, Andreea-Bianca"]
[Result "1-0"]
[WhiteElo "2252"]
[BlackElo "1891"]
[Annotator "TA"]
[PlyCount "109"]
[EventDate "2019.03.02"]
[EventType "swiss"]
[EventCountry "ROU"]
[SourceTitle "playchess.com"]
[Source "ChessBase"]
[SourceQuality "1"]

{[%evp 17,108,44,52,16,13,-16,-27,-32,-16,-29,-20,-66,-54,-42,-52,-59,-56,-69,-9,0,0,0,8,3,0,0,11,0,3,4,55,0,0,0,73,64,61,58,102,107,173,179,160,172,213,204,178,134,136,136,141,101,123,124,138,89,119,96,147,97,107,45,100,102,191,193,202,187,197,188,202,189,188,170,179,184,204,166,222,217,225,218,365,339,397,411,792,791,843,563,5694,5908,29999]} 1. c4 c5 2. Nf3 Nc6 3. d4 cxd4 4. Nxd4 e5 5. Nb5 a6 6. Nd6+ {A30: Symmetrical English: Double Fianchetto and Hedgehog} Bxd6 7. Qxd6 Qf6 8. Qd2 Nge7 9. Nc3 O-O {LiveBook: 8 Games} 10. g3 b5 11. cxb5 axb5 12. Bg2 b4 13. Ne4 $146 Qg6 {...d5 is the strong threat.} 14. O-O d5 15. Nc5 Qd6 16. Nd3 {[#]} b3 $1 {[%mdl 512] White must now prevent ...e4.} 17. a3 (17. axb3 Rxa1) 17... Ra4 (17... Ba6 $15 18. Qd1 e4) 18. Qd1 $1 $11 Nd4 19. Bd2 Bg4 20. f3 Bf5 21. Bb4 Qc7 22. e4 dxe4 23. fxe4 Bg6 (23... Bc8 $11) 24. Nc5 (24. Rc1 $14 Nc2 25. Nc5) 24... Raa8 25. Nxb3 Rfd8 (25... Nxb3 $11 26. Qxb3 Qb6+ 27. Kh1 Nc6) 26. Nxd4 Rxd4 27. Qe2 $36 {[%mdl 2048] White has the initiative.} Qa7 {Strongly threatening ...Rd2+.} 28. Qf2 Qd7 (28... Nc6 $16 29. Bc3 Ra4) 29. Bc3 $18 Rd3 30. Bxe5 Rd2 31. Qe3 Rd3 32. Qf4 Nc6 33. Bc3 Nd4 34. Bxd4 Qxd4+ 35. Qf2 Qd7 36. Rfe1 Bh5 37. Rac1 Rd8 ({Black should play} 37... Rd2 38. Qb6 Qe8) 38. Qc5 Bg4 39. e5 ({White should try} 39. Bf1 $16 Rd2 40. b4) 39... Rd2 ({Better is} 39... h5 $14) 40. Rc2 $16 Rd3 {[#]} (40... Rd1 $16 {was called for.} 41. Rf1 h6) 41. Bc6 $1 $18 {[%cal Rc6d7]} Qe6 {[#]} 42. Qc4 $1 Qg6 43. Be4 Qb6+ 44. Qc5 Qxc5+ 45. Rxc5 Rb3 46. Rb1 Re3 47. Bd5 Rd3 (47... Be6 $142) 48. Bc4 Rd2 49. b4 g6 (49... Bh3 $142 50. Bf1 Bf5) 50. Rc7 Bf5 51. Rc1 Rb2 (51... R8d7 $142 52. Rxd7 Bxd7) 52. Rxf7 Kh8 53. Bf1 Rdd2 54. Rcc7 {[%cal Rf7f8]} Rxh2 55. Rf8# {Precision: White = 66%, Black = 38%.} 1-0

[Event "ROU-ch Women 2019"]
[Site "Olanesti"]
[Date "2019.03.04"]
[Round "3.20"]
[White "Visanescu, Daria-Ioana"]
[Black "Balan, Briana-Cleopatra"]
[Result "1-0"]
[WhiteElo "2084"]
[BlackElo "1873"]
[Annotator "NA RC"]
[PlyCount "67"]
[EventDate "2019.03.02"]
[EventType "swiss"]
[EventCountry "ROU"]
[SourceTitle "playchess.com"]
[Source "ChessBase"]
[SourceQuality "1"]
[TimeControl "40/5400+30:1800+30"]

1. e4 {[%emt 0:00:00]} c5 {[%emt 0:00:00]} 2. c3 {[%emt 0:00:00]} d5 {[%emt 0:00:00]} 3. exd5 {[%emt 0:00:00]} Qxd5 {[%emt 0:00:00]} 4. d4 {[%emt 0:00:05]} Nc6 {[%emt 0:00:24]} 5. Nf3 {[%emt 0:00:09]} Bf5 {[%emt 0:00:16]} 6. Be3 {[%emt 0:01:48]} cxd4 {[%emt 0:01:21]} 7. cxd4 {[%emt 0:02:09]} Bxb1 {[%emt 0:01:45]} 8. Qxb1 {[%emt 0:03:07]} e6 {[%emt 0:02:39]} 9. a3 {[%emt 0:05:59]} Nf6 {[%emt 0:01:25]} 10. Be2 {[%emt 0:00:52]} Be7 {[%emt 0:01:39]} 11. O-O {[%emt 0:00:11]} O-O {[%emt 0:00:10]} 12. Rd1 {[%emt 0:01:43]} Rac8 {[%emt 0:03:16]} 13. Ng5 {[%emt 0:03:20]} h6 {[%emt 0:07:43]} 14. Nh3 {[%emt 0:02:06]} Rfd8 {[%emt 0:05:48]} 15. Nf4 {[%emt 0:00:49]} Qd6 {[%emt 0:01:03]} 16. Bf3 {[%emt 0:00:55]} Nd5 {[%emt 0:17:53]} 17. Nxd5 {[%emt 0:29:06]} exd5 {[%emt 0:00:19]} 18. Qf5 {[%emt 0:00:39]} Qf6 {[%emt 0:05:39]} 19. Qh5 {[%emt 0:01:24]} Bd6 {[%emt 0:13:16]} 20. Bxd5 {[%emt 0:07:23]} Bxh2+ {[%emt 0:02:33]} 21. Kh1 {[%emt 0:01:14]} Bc7 {[%emt 0:06:17]} 22. Ba2 {[%emt 0:03:36]} Nxd4 {[%emt 0:11:41]} 23. Bxd4 {[%emt 0:03:02]} Rxd4 {[%emt 0:00:08]} 24. Qxf7+ {[%emt 0:00:30]} Kh8 {[%emt 0:01:17]} 25. Qxf6 {[%emt 0:00:35]} Rxd1+ {[%emt 0:00:09]} 26. Rxd1 {[%emt 0:00:03]} gxf6 {[%emt 0:00:07]} 27. Rc1 {[%emt 0:00:04]} b6 {[%emt 0:06:36]} 28. g4 {[%emt 0:02:02]} a5 {[%emt 0:02:58]} 29. Kg2 {[%emt 0:00:37]} b5 {[%emt 0:02:15]} 30. Bb1 {[%emt 0:00:58]} b4 {[%emt 0:00:20]} 31. axb4 {[%emt 0:00:21]} axb4 {[%emt 0:00:04]} 32. Bf5 {[%emt 0:00:05]} Rd8 {[%emt 0:00:20]} 33. Rxc7 {[%emt 0:00:08]} Rd2 {[%emt 0:00:10]} 34. b3 {[%emt 0:00:42]} 1-0

[Event "ROU-ch Women 2019"]
[Site "Olanesti"]
[Date "2019.03.05"]
[Round "4.16"]
[White "Peptan, Corina-Isabela"]
[Black "Cosma, Elena-Luminita"]
[Result "1-0"]
[WhiteElo "2374"]
[BlackElo "2324"]
[Annotator "TA"]
[PlyCount "103"]
[EventDate "2019.03.02"]
[EventType "swiss"]
[EventCountry "ROU"]
[SourceTitle "playchess.com"]
[Source "ChessBase"]
[SourceQuality "1"]

{[%evp 20,103,24,25,41,35,53,59,48,48,95,93,84,61,85,77,141,119,136,135,131,127,134,125,125,125,121,112,117,118,120,110,126,123,138,142,127,115,259,134,126,126,127,127,117,102,102,99,89,55,107,52,50,39,52,61,37,7,18,20,10,12,112,99,106,81,82,87,87,87,245,249,417,417,417,414,402,391,421,418,414,413,433,391,931,629]} 1. d4 e6 2. c4 Nf6 3. Nf3 d5 4. Bg5 h6 5. Bxf6 Qxf6 6. Nc3 c6 7. e3 Nd7 8. a3 Qd8 9. Bd3 Be7 10. O-O O-O 11. Rc1 Bf6 $146 {D55: Queen's Gambit Declined: 4 Bg5 Be7: Lines without ...h6 and 6...h6 7 Bxf6} ({Predecessor:} 11... dxc4 12. Bxc4 b5 13. Ba2 b4 14. axb4 Bxb4 15. Qc2 Qe7 16. Bb1 g6 17. Ne4 Ba6 18. Rfd1 Bb5 19. h4 {1-0 (53) Damljanovic,B (2539)-Todorovic,G (2464) Palic 2014}) 12. Qe2 dxc4 13. Bxc4 e5 {White is slightly better.} 14. d5 Nb6 {[%cal Rc6d5]} 15. dxc6 bxc6 16. Ba2 Qe7 17. Ne4 Bb7 (17... Bf5 $142 18. Bb1 (18. Nxf6+ Qxf6 19. h3 Rad8 $14) 18... Bxe4 19. Bxe4 Rac8) 18. Nfd2 $16 Rad8 19. Nb3 Ba8 20. Nbc5 g6 21. Qg4 Kh7 22. Nxf6+ Qxf6 23. Rfd1 Qe7 24. b4 h5 25. Qf3 Kg7 26. h3 Nd5 27. e4 Nf6 28. Qc3 Bb7 {[#]} (28... h4 $16 29. Bb3 Nh5) 29. Rxd8 (29. f4 $1 $18 {[%cal Rf4e5][%mdl 512]} exf4 30. Rf1) 29... Rxd8 30. Nxb7 Qxb7 31. Qxe5 Re8 32. Qc3 Rxe4 33. Bb3 Qe7 34. Bc2 Re5 {[#]} (34... Re2 $14) 35. Bd3 (35. Ba4 $1 $16) 35... Re6 $14 36. Bc4 Rd6 37. Re1 Qd7 38. Qe5 (38. Bf1 {looks sharper.} Kg8 39. Qe5 Kg7 40. Rc1 Qe6 41. Qc5) 38... Rd1 39. Rxd1 Qxd1+ 40. Bf1 Qd8 (40... Qd2 $11) 41. Qc3 $16 Qd6 42. Be2 Kg8 43. Bf3 Nd5 44. Qd4 a6 $2 (44... Qe6 $16) 45. Be2 $18 a5 $2 (45... Qe6 {was worth a try.}) 46. bxa5 {[%cal Bb4a5,Ba5a6,Ba6a7][%mdl 32]} Qxa3 47. a6 Qa5 48. Bc4 Nb6 49. Qd8+ Kg7 50. Bf1 c5 51. Qc7 Kh6 $2 (51... h4 52. a7 c4 53. Bxc4 Qa1+ 54. Bf1 Qf6 55. Qxb6 {[%mdl 64] Remove Defender, Promotion} Qxb6) 52. a7 {Accuracy: White = 68%, Black = 40%.} 1-0

[Event "ROU-ch Women 2019"]
[Site "Olanesti"]
[Date "2019.03.05"]
[Round "4.17"]
[White "Dragomirescu, Angela"]
[Black "Ionescu, Irina"]
[Result "1/2-1/2"]
[WhiteElo "2260"]
[BlackElo "2270"]
[Annotator "NA"]
[PlyCount "35"]
[EventDate "2019.03.02"]
[EventType "swiss"]
[EventCountry "ROU"]
[SourceTitle "playchess.com"]
[Source "ChessBase"]
[SourceQuality "1"]
[TimeControl "40/5400+30:1800+30"]

1. d4 {[%emt 0:03:09]} d5 {[%emt 0:00:16]} 2. c4 {[%emt 0:00:04]} c6 {[%emt 0:00:06]} 3. Nc3 {[%emt 0:00:08]} Nf6 {[%emt 0:00:13]} 4. Nf3 {[%emt 0:00:04]} a6 {[%emt 0:00:14]} 5. cxd5 {[%emt 0:00:14]} cxd5 {[%emt 0:00:17]} 6. Bf4 {[%emt 0:00:22]} Nc6 {[%emt 0:00:34]} 7. e3 {[%emt 0:00:21]} Bg4 {[%emt 0:01:26]} 8. Be2 {[%emt 0:00:20]} e6 {[%emt 0:00:42]} 9. O-O {[%emt 0:00:20]} Bxf3 {[%emt 0:01:33]} 10. Bxf3 {[%emt 0:00:05]} Bd6 {[%emt 0:00:06]} 11. Bxd6 {[%emt 0:00:38]} Qxd6 {[%emt 0:00:06]} 12. Rc1 {[%emt 0:00:22]} O-O {[%emt 0:00:34]} 13. Qd2 {[%emt 0:03:28]} Nd7 $11 {[%emt 0:04:10]} 14. Na4 {[%emt 0:00:54]} Rfc8 {[%emt 0:02:40]} 15. Nc5 {[%emt 0:00:23]} b6 {[%emt 0:02:48]} 16. Nxd7 {[%emt 0:00:25]} Qxd7 {[%emt 0:00:05]} 17. h3 {[%emt 0:03:50]} Na5 {[%emt 0:02:45]} 18. Rxc8+ {[%emt 0:00:48]} 1/2-1/2

[Event "ROU-ch Women 2019"]
[Site "Olanesti"]
[Date "2019.03.05"]
[Round "4.18"]
[White "Lehaci, Miruna-Daria"]
[Black "Sandu, Mihaela"]
[Result "1/2-1/2"]
[WhiteElo "2052"]
[BlackElo "2294"]
[Annotator "TA"]
[PlyCount "90"]
[EventDate "2019.03.02"]
[EventType "swiss"]
[EventCountry "ROU"]
[SourceTitle "playchess.com"]
[Source "ChessBase"]
[SourceQuality "1"]

{[%evp 15,90,-12,7,7,7,7,7,-14,0,-19,-15,-10,-14,0,0,0,12,0,54,47,140,131,162,171,182,137,150,152,132,98,143,146,145,143,143,136,137,110,168,166,159,156,158,173,151,150,193,188,210,213,227,147,127,136,154,161,167,140,133,29,28,0,0,0,0,0,0,0,4,0,0,0,0,0,0,0,0]} 1. e4 e5 2. Nf3 Nc6 3. Bb5 a6 4. Ba4 Nf6 5. d3 b5 6. Bb3 Bc5 7. O-O d6 8. Nc3 h6 {LiveBook: 9 Games. C77: Ruy Lopez: 3...a6 4 Ba4 Nf6, unusual lines} 9. a4 (9. Nd5 Rb8 10. c3 O-O 11. d4 Ba7 12. Be3 Nxd5 13. Bxd5 Ne7 14. dxe5 Bxe3 15. fxe3 Nxd5 16. exd5 dxe5 17. Nxe5 {1-0 (74) Mista,A (2616)-Erdos,V (2621) Germany 2015}) 9... b4 10. Nd5 Na5 11. Ba2 Nxd5 12. exd5 $146 ({Predecessor:} 12. Bxd5 c6 13. Ba2 O-O 14. Be3 Bxe3 15. fxe3 Qe7 16. Nd2 {½-½ (58) Hagen,T (2285)-Lund,P (2210) ICCF email 2010}) 12... O-O 13. d4 exd4 14. Nxd4 Bd7 15. c3 bxc3 16. bxc3 c6 (16... Rb8 $11) 17. Qd3 $14 cxd5 ({Black should try} 17... Qf6 $14) 18. Bxd5 $16 Qf6 19. Bxa8 Rxa8 20. Ba3 Bb6 21. Bb4 d5 22. Qf3 Qxf3 23. Nxf3 Nc4 24. a5 Bd8 25. Rfd1 Be6 26. Nd2 Nb2 (26... Nxd2 $16 27. Rxd2 Rc8) 27. Rdb1 $18 Nd3 28. Bd6 Bf6 {[#]} 29. Ra3 $1 Kh7 30. Nf3 Rc8 31. Nd4 Bg4 32. h3 Bh5 33. Rb6 Bxd4 34. cxd4 Rc1+ 35. Kh2 Nxf2 36. g4 Bg6 37. Ra2 (37. Rxa6 $16 {Threatens to win with Ra2.} Rc2 38. Kg3) 37... Nd3 $1 $11 38. Ba3 Rd1 {The position is equal.} 39. Rxa6 Be4 40. Rc6 Rh1+ 41. Kg3 Rf1 {aiming for ...Rf3+.} 42. Rc3 Rg1+ 43. Kh2 Rh1+ 44. Kg3 Rg1+ 45. Kh2 Rh1+ {Precision: White = 64%, Black = 53%.} 1/2-1/2